Red Dead Redemption States - Statistics

General Stats
  • This quiz has been taken 1,267 times
  • The average score is 5 of 6
Answer Stats
Hint Answer % Correct
Southern state that contains bayous and the city of Saint Denis Lemoyne
91%
Mostly desert state that contains the town of Armadillo New Austin
91%
Hilly state that contains the towns of Valentine and Annesburg New Hanover
88%
Mountainous state that includes Blackwater and Strawberry West Elizabeth
84%
Snowy, mountainous state that includes The Grizzlies Ambarino
76%
Only Mexican state, Spanish for "New Paradise" Nuevo Paraiso
40%
No matching quizzes found
Score Distribution
Percent of People with Each Score
Percentile by Number Answered
Your Score History
You have not taken this quiz